000
00289nam a22001337a 4500
008
181019b xxu||||| |||| 00| 0 eng d
020
_a
0132791587
041
_a
eng
080
_a
621
100
_a
21
101
_a
MEK
245
_a
Engineering Mechanics
_c
Shames, I.H
942
_2
udc
_c
BK
999
_c
50281
_d
50281